Praktická škola marketingu Mesačník pre podnikateľov a manažérov

Salvato in:
Dettagli Bibliografici
Natura: Periodico
Lingua:slovacco
ceco
Pubblicazione: Bratislava Praktická škola marketingu 1992
Soggetti:
Tags: Aggiungi Tag
Nessun Tag, puoi essere il primo ad aggiungerne!!

MARC

LEADER 00000nas2a2200000 4500
001 s016407
005 20180117154309.7
041 0 |a slo 
041 0 |a cze 
044 |a SK 
245 1 0 |a Praktická škola marketingu  |b Mesačník pre podnikateľov a manažérov 
264 1 |a Bratislava  |b Praktická škola marketingu  |c 1992 
300 |a 1 zv. 
773 0 |w eu_un_cat*s120505 
610 2 0 |a marketing